Score 0/20 Timer 04:00
1 Play Today
% Correct
Your hand
97.3%
Pop!
95.3%
It
95%
Your wallet?
93.3%
The Marines
93.1%
A caveman can do it
92%
Fresh
89.8%
Harder
89.7%
Live better
89.5%
Deere
88.4%
% Correct
On Dunkin'
87.6%
Fizz, fizz
87.4%
Cavities
83.8%
Driving machine
83.4%
Taste
80.5%
Heinz
79.3%
For beer
76%
Guinness
73.9%
Charmin
65.2%
Different
65.1%
Remove Ads.
Support Sporcle.
Get the best of Sporcle when you Go Orange. This ad-free experience offers more features, more stats, and more fun while also helping to support Sporcle. Thank you for becoming a member.

You're not logged in!

Compare scores with friends on all Sporcle quizzes.
OR
Log In

Show Comments

Extras

Top Quizzes Today


Score Distribution

Your Account Isn't Verified!

In order to create a playlist on Sporcle, you need to verify the email address you used during registration. Go to your Sporcle Settings to finish the process.

Report this User

Report this user for behavior that violates our Community Guidelines.

Details: